000 00653cab a2200229 4500
001 ABS42133
008 090401t1990 xxu||||| |||| 00| 0 eng d
035 _a(Sirsi) u34887
041 _aeng
245 _aGlossary of retailing terms
260 _c1990
350 _a0
490 _aEuropean Business Intelligence Briefing
_vJanuary 1990, 101(3)
520 _aGlossary of retail terms, does not explain meanings but supplies equivalents in French, German and Spanish.
650 _aFRANCE
650 _aGERMANY
650 _aSPAIN
650 _aTRANSLATIONS
690 _aPROPERTY-COMMERCIAL PROPERTY
942 _n0
948 _c04/03/1997
999 _c22988
_d22988